Billboard TV Themes Quiz Stats

Quiz Updated May 16, 2016

Also try: Click the TV Theme
Challenge
Share
Tweet
Embed
Score 0/20 Timer 05:00
10 Plays Today
Theme Show % Correct
I'll Be There for YouFriends
92.1%
Where Everybody Knows Your NameCheers
89.3%
The Ballad of Jed ClampettThe Beverly Hillbillies
83.8%
Bad BoysCOPS
77.6%
Those Were the DaysAll in the Family
72.2%
Good Ol' BoysThe Dukes of Hazzard
67.5%
With a Little Help From My FriendsThe Wonder Years
62.4%
Best of Both WorldsHannah Montana
58.1%
Making Our Dreams Come TrueLaverne and Shirley
50.9%
Believe It or NotGreatest American Hero
47%
Theme Show % Correct
Boss of MeMalcolm in the Middle
45%
As Long as We Got Each OtherGrowing Pains
33.7%
Woke Up This MorningThe Sopranos
26.4%
Searchin' My SoulAlly McBeal
20.2%
You've Got TimeOrange is the New Black
18.1%
Save MeSmallville
17.6%
Closer to FreeParty of Five
16.8%
TeardropHouse
13.7%
FallingTwin Peaks
7.1%
Different WorldsAngie
3.9%

You're not logged in!

Compare scores with friends on all Sporcle quizzes.
Sign Up with Email
OR
Log In

You Might Also Like...

Show Comments

Extras

Top Quizzes Today


Score Distribution

Your Account Isn't Verified!

In order to create a playlist on Sporcle, you need to verify the email address you used during registration. Go to your Sporcle Settings to finish the process.